Leader xxxxxxxxxx
001 __ PCLIS00035347
005 __ 20220829131406.0
010 0_ |a957-32-4975-8|b套 : 軟精裝|dNT$1120
010 0_ |a957-32-4970-7|b第一冊 : 軟精裝|dNT$280
010 0_ |a957-32-4971-5|b第二冊 : 軟精裝|dNT$280
010 0_ |a957-32-4972-3|b第三冊 : 軟精裝|dNT$280
010 0_ |a957-32-4973-1|b第四冊 : 軟精裝|dNT$280
100 __ |a20050506d2003 m y0chiy09 e
101 0_ |achi
102 __ |atw
105 __ |aaf z 000ad
200 1_ |a射鵰英雄傳|f金庸著
205 __ |a四版
210 __ |a臺北市|c遠流|d2003[民92]
215 0_ |a4冊(1706面, 圖版[64]面)|c部分彩圖|d22公分
225 2_ |a金庸作品集|v5-8
300 __ |a版權頁英文題名: The eagle-shooting heroes
300 __ |a公元2003年金庸新修版
300 __ |a著者本名查良鏞
306 __ |a2005年4刷
306 __ |a2016年19刷(1024595)
410 _0 |12001 |a金庸作品集|v5-8
517 1_ |a射雕英雄傳|zchi
517 1_ |aThe eagle-shooting heroes|zeng
681 __ |a857.9|b864
681 __ |a857.9|b864 88 v1
681 __ |a857.9|b8640 V1
700 _0 |a金庸|f1924-2018|4著
801 _0 |atw|b內湖高中|c20050506|gCCR
801 _0 |atw|bLibDipper|c20170410|gCCR
801 _2 |atw|b內湖高中|c20220829|gCCR
|